00516nam a2200133 a 450000100100000000500170001000800410002704000250006810000230009324501320011626000910024830000200033970000230035900002990520200930055910.0110426s2002 dr 000 0 spa d aDO-SdBNPbspacBNPHU1 aBetances, Bethania10aMitos e imágenes sobre el uso del condón :bproyecto de salud sexual y reprodutiva /cBethania Betances, Eduardo Vásquez. aSanto Domingo :bSecretaría de Estado de Salud Pública y Asistencia Social,c2002. a46 p. ;c28 cm.1 aVásquez, Eduardo